| 000 | 00519nam a2200169Ia 4500 | ||
|---|---|---|---|
| 008 | 090201s9999 xx 000 0 und d | ||
| 010 | _aKPL-28269 | ||
| 040 | _bमराठी | ||
| 041 | _aमराठी | ||
| 082 |
_a29147 _b28269 |
||
| 100 | _aनिशा माने | ||
| 245 |
_aमनमोहक भरतकला _cनिशा माने |
||
| 260 |
_c2004 _bमाधव कानीटकर |
||
| 300 |
_a64 _bमोठा |
||
| 600 | _aमनमोहक भरतकला | ||
| 942 | _cBOOK | ||
| 999 |
_c227789 _d227789 |
||